| 000 | 01073nam a22003497a 4500 | ||
|---|---|---|---|
| 003 | CHAP | ||
| 005 | 20220329133126.0 | ||
| 008 | 971013s1988 r 00010 d | ||
| 010 | _a2443 | ||
| 011 | _a3415 | ||
| 035 | _a2615 | ||
| 040 | _cCHAP | ||
| 090 | _aFolleto 13310 | ||
| 100 | 0 | 0 |
_aRoberts, Steve. _997940 |
| 245 | _aPotato use of phosphorus and potassium in sandy soils | ||
| 260 |
_aPullman : _bWashington State University, _c1988 |
||
| 300 | _a13 p | ||
| 490 |
_aResearch bulletin _v; XB1004 |
||
| 500 | _aD45-231 | ||
| 590 |
_aBATCH-UPD _b10 _c20130110 _lUCH01 _h1851 |
||
| 590 |
_aBATCH-UPD _b10 _c20130410 _lUCH01 _h1220 |
||
| 590 |
_aBATCH-UPD _b10 _c20130914 _lUCH01 _h1425 |
||
| 590 |
_aCONVERSION _b10 _c20130109 _lUCH01 _h1303 |
||
| 650 | 1 | 4 |
_aFósforo _xEfecto en papa. _942246 |
| 650 | 1 | 4 |
_aPotasio _xEfecto en papa. _991106 |
| 650 | 1 | 4 |
_aSuelos arenosos. _9110535 |
| 700 | 0 |
_aBeaton, James D. _911082 |
|
| 830 | 0 |
_aResearch bulletin _v; XB1004 _996062 |
|
| 901 | _aBK | ||
| 942 | _cFOLL | ||
| 949 |
_aFolleto 13310 _bBC _cFOLL _d-12121 _eTS1 _i2615 _mD _si |
||
| 999 |
_c2443 _d2443 |
||